| 000 | 00626nam a22002177a 4500 | ||
|---|---|---|---|
| 999 |
_c9006 _d9006 |
||
| 003 | OSt | ||
| 005 | 20210712100627.0 | ||
| 008 | 151207b xxu||||| |||| 00| 0 eng d | ||
| 020 | _a9966896716 | ||
| 040 |
_cMMU _aMMU _beng _dMMU |
||
| 050 | _aSB354.6.T34F78 2005 | ||
| 100 |
_9110 _aNyambo Agnes |
||
| 245 |
_aFruits and Nuts : _b Species with Potential for Tanzania/ _cAgnes Nyambo...et al |
||
| 260 |
_aNairobi: _b ICRAF, _c2005. |
||
| 300 |
_aix, 160 p. : _bill. ; |
||
| 504 | _aInclude Bibliography | ||
| 650 | _a_Fruits and Nuts | ||
| 651 | 0 |
_9111 _aTanzania |
|
| 700 | _a_Nyomora Agnes | ||
| 942 |
_2lcc _cLOAN LOAN |
||